000 00920nam a22003137a 4500
001 BR2013003033
003 BR-BrBNA
005 20230928104159.0
007 ta
008 230509b bl.||||| |||| 00| 0 por d
040 _aBR-BrBNA
_bpor
_cBiblioteca Nacional de Agricultura
041 _a(Por)
072 _aE70
090 _ E70 BR2013003033
100 1 _aSouza, N.A. de
110 1 _aEmpresa Brasileira de Assistência Técnica e Extensão Rural, Brasília, DF (Brasil)
245 1 _aComercialização agrícola: a ótica de agricultor
_bUma abordagem para extensionistas. Versão Preliminar
260 3 _aBrasília, DF (Brasil):
_c1981.
300 _a132 p.
500 _a9 ref.
650 _aINOVAÇÃO
650 _aPREÇO
650 _aCOMERCIALIZAÇÃO
650 _aMERCADO
650 _aPLANEJAMENTO ECONÔMICO
650 _aVENDA
909 _a202309
_bLucia
_c55
_dLucia Elande
942 _cBK
999 _c78549
_d78549